| 000 | 00438pab a2200157 454500 | ||
|---|---|---|---|
| 008 | 180718b2004 xxu||||| |||| 00| 0 eng d | ||
| 100 | _aLakshmanasamy, T. | ||
| 245 | _aTesting the unitary and nash bargaining household models in India | ||
| 260 | _c2004 | ||
| 300 | _ap.197-217. | ||
| 362 | _aJul-Dec | ||
| 650 | _aHouseholds - India | ||
| 650 | _aHouseholds | ||
| 773 | _aJournal of Social and Economic Development | ||
| 909 | _a61567 | ||
| 999 |
_c61567 _d61567 |
||